Регионална библиотека "Любен Каравелов" - Русе

В полето (Запис номер 38769)

MARC детайли
000 -Лидер
Контролно поле с фиксирана дължина 01093nam a2200301 c 4500
003 - Код на организацията, давaща контролен номер
Контролно поле BLK
005 - Дата и час на последна редакция
Контролно поле 20230629003920.0
008 - Елементи от данни с фиксирана дължина
fixed length control field 180408b bul|||||r ||||||| ||bul||
010 ## - Наследен системен номер
LC control number KNG00042005000
040 ## - Източник на каталожния запис
Идентификатор на билиотеката - собственик на записа BLK
041 ## - Код за език
Код за езика на текст/звукозапис или на отделно заглавие Български
Код за езика КДБФ Български
080 ## - УДК
Текстов определител УДК Българска литература
УДК код - определител по УДК 821.163.2
УДК определител -32
УДК - код + определител 821.163.2-32
100 ## - Редна дума - Автор
Автор Вежинов, Павел
Дати, свързани с автора 1914–1983
Пълна форма на името Гугов, Никола Делчев
R(LIN) 249347
139 ## - Редно поле
Редна дума Вежинов, Павел
Авторски знак Вед - В 35
245 10 - Сведения за заглавието
Заглавие В полето
Подзаглавни данни Повест
Редно поле (дума) Павел Вежинов; * Никола Делчев Гугов.
257 ## - Страна на издаване
Страна на създаване/издаване България
260 ## - Област на издателските данни
-- София
Име на издателя, разпространителя и проч. Бълг. писател
Година на издаване 1950
300 ## - Физическа характеристика
Страници 147 с.
Размери/Мащаб 18 см
380 ## - Жанр
Жанр Худож. лит.
500 ## - Общи забележки
Забележка Павел Вежинов псевд. на Никола Делчев Гугов.
700 1# - Други автори (авторска отговорност)
Лично име Гугов, Никола Делчев
Автороска отговорност (Описва отношението между автора и произведението) *
9 (RLIN) 367471
852 ## - Местоположение
Форматна сигнатура Цб 8.170.39233
856 4# - Електронен адрес и достъп
Електронен формат pdf - файл
Път до файла /url/
856 4# - Електронен адрес и достъп
Електронен формат pdf - файл
Път до файла /url/
942 ## - АРТИКУЛИ
Вид на библиотечния материал Книги
Скрит в OPAC Не
944 ## - СЪЗДАВАНЕ И РЕДАКЦИЯ на ЗАПИСА
Създаване/Редакция Създаване
Дата на регистрацията/редакция 26.08.2016
Служител, извършил регистрацията/редакцията Милена_Ачева
944 ## - СЪЗДАВАНЕ И РЕДАКЦИЯ на ЗАПИСА
Създаване/Редакция Редакция
Дата на регистрацията/редакция 26.08.2016
Служител, извършил регистрацията/редакцията Милена_Ачева
999 ## - СИСТЕМНИ КОНТРОЛНИ НОМЕРА
Koha biblionumber 38769
Koha biblioitemnumber 38769
Наличности
Код за отписване Код за изгубен артикул Източник на класификационната схема Код за повреда Коз за рестрикции Код за отдаване Артикулен № Име на библиотеката - собственик Име на библиотеката, в която се намира в момента Статус (Текущо местоположение) Дата на вписване в системата Местоположение - отдел Цена в лева Инвентарен номер Систематично азбучна сигнатура Баркод Номер на екземпляра Цена в евро Служебна бележка Служебен тип на артикула
  Не е изгубен Universal Decimal Classification Не е повреден само за читалня ползва се в читалня 60666 Регионална библиотека "Любен Каравелов" Русе Регионална библиотека "Любен Каравелов" Русе Хранилище 1950-01-01 Основен фонд - ползва се само за читалня 0.12 39233-в Цб 8.170.39233 900000067335 1 0.06 Вид: Сф N: стар фонд Дата: 01.01.1950 Книги
  Не е изгубен Universal Decimal Classification Не е повреден само за читалня ползва се в читалня 60667 Регионална библиотека "Любен Каравелов" Русе Регионална библиотека "Любен Каравелов" Русе Хранилище 1950-01-01 Основен фонд - ползва се само за читалня 0.12 39233-г Цб 8.170.39233 900000067334 2 0.06 Вид: Сф N: стар фонд Дата: 01.01.1950 Книги
Изтеглен Не е изгубен Universal Decimal Classification Не е повреден без рестрикции заемане за дома 60668 Регионална библиотека "Любен Каравелов" Русе Регионална библиотека "Любен Каравелов" Русе Заемна - подръчен фонд 1950-01-01 Заемна - подръчен фонд 0.00 39233-д П 886.7-32/В 35 39233-д 3 0.00 Вид: Сф N: стар фонд Дата: 01.01.1950 Книги
Изтеглен Не е изгубен Universal Decimal Classification Не е повреден без рестрикции заемане за дома 60669 Регионална библиотека "Любен Каравелов" Русе Регионална библиотека "Любен Каравелов" Русе Заемна - подръчен фонд 1950-01-01 Заемна - подръчен фонд 0.00 39233-е П 886.7-32/В 35 39233-е 4 0.00 Вид: Сф N: стар фонд Дата: 01.01.1950 Книги
Изтеглен Не е изгубен Universal Decimal Classification Не е повреден без рестрикции заемане за дома 60670 Регионална библиотека "Любен Каравелов" Русе Регионална библиотека "Любен Каравелов" Русе Заемна - подръчен фонд 1950-01-01 Заемна - подръчен фонд 0.00 39233-ж П 886.7-32/В 35 39233-ж 5 0.00 Вид: Сф N: стар фонд Дата: 01.01.1950 Книги
  Не е изгубен Universal Decimal Classification Не е повреден само за читалня ползва се в читалня 841627 Регионална библиотека "Любен Каравелов" Русе Регионална библиотека "Любен Каравелов" Русе Хранилище 2021-07-07 Основен фонд - ползва се само за читалня 0.12 39233 Цб 8.170.39233 900000068197   0.06   Книги
Vip Innovations Ltd, Rousse, Bulgaria 2025